000 00470pab a2200169 454500
008 180718b1999 xxu||||| |||| 00| 0 eng d
100 _aSharma, Kamlesh
245 _aWomen in panchayats of Madhya Pradesh
260 _c1999
300 _ap.33-35
362 _aMar
650 _aPanchayat - India - Madhya Pradesh
650 _aWomen in rural development - India - Madhya Pradesh
650 _aWomen in rural development
773 _aKurukshetra
909 _a40386
999 _c40386
_d40386